Le jeu de l'amour et du hasard: comedie

Kaydedildi:
Detaylı Bibliyografya
Yazar: Marivaux, Pierre Carlet de (autor)
Materyal Türü: Kitap
Dil:Fransızca
Baskı/Yayın Bilgisi: París Librairie Hachette 1935
Seri Bilgileri:Classiques Illustres Vaubourdolle
Konular:
Etiketler: Etiketle
Etiket eklenmemiş, İlk siz ekleyin!

MARC

LEADER 00000nam a2200000 a 4500
001 UCZ0932
003 CL-VaPUC
008 950810e19350000FR |||||||||||||||||fre|d
082 0 4 |a 842  |b MAR  |2 21 
100 |a Marivaux, Pierre Carlet de  |e autor  |9 344227 
245 1 3 |a Le jeu de l'amour et du hasard: comedie 
300 |a 71 p 
942 |c BK 
945 |d 19950810 00:00:00  |a rbrito 
260 |a París  |b Librairie Hachette  |c 1935 
650 0 |a Drama francés  |9 313202 
650 7 |a COMEDIA FRANCESA  |2 CL-VaPUC  |9 306299 
583 |a last modification  |c 19950810 00:00:00  |k Rodrigo Vera 
490 0 |a Classiques Illustres Vaubourdolle 
999 |c 237797  |d 237795 
952 |0 0  |1 0  |4 0  |6 842_000000000000000_MAR_1935  |7 0  |8 A  |9 247492  |a BIBEDU  |b BIBEDU  |d 2019-11-18  |i 3108090  |o 842 MAR 1935  |p 3108090  |r 2019-11-18  |w 2019-11-18  |y BK  |k LIT 
952 |0 0  |1 0  |4 0  |6 842_000000000000000_MAR_1935  |7 0  |8 A  |9 247493  |a BIBEDU  |b BIBEDU  |d 2019-11-18  |i 3163121  |o 842 MAR 1935  |p 3163121  |r 2019-11-18  |w 2019-11-18  |y BK  |k LIT 
952 |0 0  |1 0  |4 0  |6 842_000000000000000_MAR_1935  |7 0  |8 A  |9 247494  |a BIBEDU  |b BIBEDU  |d 2019-11-18  |i 316313K  |o 842 MAR 1935  |p 316313K  |r 2019-11-18  |w 2019-11-18  |y BK  |k LIT 
952 |0 0  |1 0  |4 0  |6 842_000000000000000_MAR_1935  |7 0  |8 A  |9 247495  |a BIBEDU  |b BIBEDU  |d 2019-11-18  |i 3163148  |o 842 MAR 1935  |p 3163148  |r 2019-11-18  |w 2019-11-18  |y BK  |k LIT 
952 |0 0  |1 0  |4 0  |6 842_000000000000000_MAR_1935  |7 0  |8 A  |9 247496  |a BIBEDU  |b BIBEDU  |d 2019-11-18  |i 3160459  |o 842 MAR 1935  |p 3160459  |r 2019-11-18  |w 2019-11-18  |y BK  |k LIT